Uncle Tom's cabin / (Record no. 250328)
[ view plain ]
| 000 -LEADER | |
|---|---|
| fixed length control field | 01316cam a2200361Ka 4500 |
| 001 - CONTROL NUMBER | |
| control field | 4261052 |
| 003 - CONTROL NUMBER IDENTIFIER | |
| control field | OSt |
| 005 - DATE AND TIME OF LATEST TRANSACTION | |
| control field | 20151008114219.0 |
| 008 - FIXED-LENGTH DATA ELEMENTS--GENERAL INFORMATION | |
| fixed length control field | 030926s2003 nyu 000 1 eng d |
| 020 ## - INTERNATIONAL STANDARD BOOK NUMBER | |
| International Standard Book Number | 1593080387 |
| 035 ## - SYSTEM CONTROL NUMBER | |
| System control number | (OCoLC)ocm53095827 |
| System control number | (NNC)4261052 |
| 040 ## - CATALOGING SOURCE | |
| Original cataloging agency | OQX |
| Transcribing agency | OQX |
| 100 1# - MAIN ENTRY--PERSONAL NAME | |
| Personal name | Stowe, Harriet Beecher, |
| Dates associated with a name | 1811-1896. |
| 245 10 - TITLE STATEMENT | |
| Title | Uncle Tom's cabin / |
| Statement of responsibility, etc | Harriet Beecher Stowe ; with an introduction and notes by Amanda Claybaugh. |
| 260 ## - PUBLICATION, DISTRIBUTION, ETC. (IMPRINT) | |
| Place of publication, distribution, etc | New York : |
| Name of publisher, distributor, etc | Barnes & Noble Classics, |
| Date of publication, distribution, etc | c2003. |
| 300 ## - PHYSICAL DESCRIPTION | |
| Extent | xlii, 530 p. ; |
| Dimensions | 18 cm. |
| 505 0# - FORMATTED CONTENTS NOTE | |
| Formatted contents note | The world of Harriet Beecher Stowe and Uncle Tom's cabin -- Introduction by Amanda Claybaugh -- Uncle Tom's cabin -- Endnotes -- Inspired by Uncle Tom's cabin -- Comments & questions -- For further reading. |
| 650 #0 - SUBJECT ADDED ENTRY--TOPICAL TERM | |
| Topical term or geographic name as entry element | Uncle Tom (Fictitious character) |
| Form subdivision | Fiction. |
| Topical term or geographic name as entry element | Master and servant |
| Form subdivision | Fiction. |
| Topical term or geographic name as entry element | African Americans |
| Form subdivision | Fiction. |
| Topical term or geographic name as entry element | Fugitive slaves |
| Form subdivision | Fiction. |
| Topical term or geographic name as entry element | Plantation life |
| Form subdivision | Fiction. |
| Topical term or geographic name as entry element | Slavery |
| Form subdivision | Fiction. |
| Topical term or geographic name as entry element | Slaves |
| Form subdivision | Fiction. |
| Topical term or geographic name as entry element | Political fiction. |
| 651 #0 - SUBJECT ADDED ENTRY--GEOGRAPHIC NAME | |
| Geographic name | Southern States |
| Form subdivision | Fiction. |
| 655 #7 - INDEX TERM--GENRE/FORM | |
| Genre/form data or focus term | Didactic fiction. |
| Source of term | gsafd |
| 700 1# - ADDED ENTRY--PERSONAL NAME | |
| Personal name | Claybaugh, Amanda. |
| 942 ## - ADDED ENTRY ELEMENTS (KOHA) | |
| Source of classification or shelving scheme | Library of Congress Classification |
| Koha item type | Long Loan Books |
| 948 2# - LOCAL PROCESSING INFORMATION (OCLC); SERIES PART DESIGNATOR (RLIN) | |
| Series part designator, SPT (RLIN) | 20060925 |
| b (OCLC) | a |
| c (OCLC) | cls39 |
| d (OCLC) | MPS |
| Withdrawn status | Lost status | Source of classification or shelving scheme | Damaged status | Not for loan | Collection code | Home library | Current library | Shelving location | Date acquired | Total Checkouts | Barcode | Checked out | Date last seen | Date checked out | Price effective from | Koha item type |
|---|---|---|---|---|---|---|---|---|---|---|---|---|---|---|---|---|
| Library of Congress Classification | Fiction | Rongo University Library | Rongo University Library | General Stacks | 08/10/2015 | 8 | 20153859 | 01/05/2019 | 17/04/2019 | 17/04/2019 | 08/10/2015 | Long Loan Books |
